000
00295nam a2200109Ia 4500
008
220204s9999 xx 000 0 und d
082
_a
336.1/.5(540)
_b
BHA
100
_a
BHATTACHARYYA, Dhires
245
0
_a
Understanding India's economy. V 2
260
_a
Calcutta
_b
Progressive
_c
1973
942
_c
BK
999
_c
24737
_d
24737